000 01068nam a2200253 i 4500
001 161900
003 ES-MaACL
005 20250930063142.0
008 940301s1887 sp a |||| | spa d
040 _aAR
_bspa
100 1 _aPérez Pastor, Cristóbal,
_d1833-1908
_991076
245 1 3 _aLa imprenta en Toledo
_b: descripción bibliográfica de las obras impresas en la imperial ciudad desde 1483 hasta nuestros dias /
_cpor Cristóbal Pérez Pastor.
260 _aMadrid :
_b[s.n.],
_c1887 (
_fImp. y fundición de Manuel Tello)
300 _a392 p. :
_bil. ;
_c28 cm.
530 _aDisponible en formato digital.
595 _aObra premiada por la Biblioteca Nacional en el concurso público de 1886 è impresa á expensas del Estado.
597 _aTexto a dos col.
597 _aAntep.
597 _aPort. con esc. xil.
650 4 _aBibliografías toledanas.
_9159723
852 _aES-MaACL
_jB-2966
_z-- Enc. pasta
856 _uhttp://bdh-rd.bne.es/viewer.vm?id=0000108777&page=1
_zBiblioteca Digital Hispánica
999 _c161900
_d161900